Breaking down the barriers. (Record no. 60375)

MARC details
000 -LEADER
fixed length control field 00882cam a2200217 4500
001 - CONTROL NUMBER
control field ABS60726
008 - FIXED-LENGTH DATA ELEMENTS--GENERAL INFORMATION
fixed length control field 000000n1999 000 0 eng u
035 ## - SYSTEM CONTROL NUMBER
System control number (Sirsi) u101214
100 ## - MAIN ENTRY--PERSONAL NAME
Personal name Peace, S.
245 ## - TITLE STATEMENT
Title Breaking down the barriers.
260 ## - PUBLICATION, DISTRIBUTION, ETC.
Date of publication, distribution, etc. 1999
490 ## - SERIES STATEMENT
Series statement ASI Journal
Volume/sequential designation 11(2), 34-35(2)
520 ## - SUMMARY, ETC.
Summary, etc. Following the Disability Discrimination Act, building owners and developers will be required to produce a plan to ensure the safe evacuation of disabled people from their buildings. This article covers issues such as escape options and types of evacuation, and the use of Personal Emergency Evacuation Plans (PEEPs).
650 ## - SUBJECT ADDED ENTRY--TOPICAL TERM
Topical term or geographic name entry element DISABLED PEOPLE
650 ## - SUBJECT ADDED ENTRY--TOPICAL TERM
Topical term or geographic name entry element FIRE EVACUATION
650 ## - SUBJECT ADDED ENTRY--TOPICAL TERM
Topical term or geographic name entry element FIRE ENGINEERING
650 ## - SUBJECT ADDED ENTRY--TOPICAL TERM
Topical term or geographic name entry element DISABILITY DISCRIMINATION ACT 1995
650 ## - SUBJECT ADDED ENTRY--TOPICAL TERM
Topical term or geographic name entry element PUBLIC BUILDINGS
690 ## - LOCAL SUBJECT ADDED ENTRY--TOPICAL TERM (OCLC, RLIN)
Topical term or geographic name as entry element BUILT ENVIRONMENT-BUILDING STANDARDS
942 ## - ADDED ENTRY ELEMENTS (KOHA)
Suppress in OPAC 0
Holdings
Withdrawn status Lost status Source of classification or shelving scheme Damaged status Not for loan Home library Current library Shelving location Date acquired Total Checkouts Full call number Barcode Date last seen Copy number Price effective from Koha item type
    Dewey Decimal Classification     London London Journal article 02/11/1999   ABS60726 101214-1001 06/08/2019 1 06/08/2019 Journal article